<?xml version="1.0" encoding="UTF-8"?>
<collection xmlns="http://www.loc.gov/MARC21/slim">
  <record>
    <leader>00000nam  2200000   4500</leader>
    <controlfield tag="001">INLIS000000000047561</controlfield>
    <controlfield tag="005">20241218103219</controlfield>
    <datafield tag="035" ind1="#" ind2="#">
      <subfield code="a">0010-011600000000019</subfield>
    </datafield>
    <controlfield tag="008">241218################g##########0#ind##</controlfield>
    <datafield tag="082" ind1="#" ind2="#">
      <subfield code="a">342.05</subfield>
    </datafield>
    <datafield tag="090" ind1="#" ind2="#">
      <subfield code="a">342.05</subfield>
      <subfield code="b">Ind h</subfield>
    </datafield>
    <datafield tag="100" ind1="#" ind2="#">
      <subfield code="a">Indonesia. Majelis Permusyawaratan Rakyat</subfield>
    </datafield>
    <datafield tag="245" ind1="1" ind2="#">
      <subfield code="a">Himpunan ketetapan MPRS dan MPR RI berdasarkan ketetapan MPR RI nomor 1/MPR/2003 pasal 2 dan pasal 4 /</subfield>
      <subfield code="c">Majelis Permusyawaratan Rakyat RI</subfield>
    </datafield>
    <datafield tag="260" ind1="#" ind2="#">
      <subfield code="a">Jakarta :</subfield>
      <subfield code="b">Sekjen MPR RI,</subfield>
      <subfield code="c">2005</subfield>
    </datafield>
    <datafield tag="300" ind1="#" ind2="#">
      <subfield code="a">131  hlm, ;</subfield>
      <subfield code="c">23 x 16 cm.</subfield>
    </datafield>
    <datafield tag="650" ind1="#" ind2="4">
      <subfield code="a">Majelis Permusyawaratan Rakyat</subfield>
    </datafield>
    <datafield tag="850" ind1="#" ind2="#">
      <subfield code="a">NBPDMAT</subfield>
    </datafield>
    <datafield tag="084" ind1="#" ind2="#">
      <subfield code="a">342.05 IND h</subfield>
    </datafield>
    <datafield tag="990" ind1="#" ind2="#">
      <subfield code="a">0146/BPAP-NTB/2016</subfield>
    </datafield>
    <datafield tag="990" ind1="#" ind2="#">
      <subfield code="a">31500656</subfield>
    </datafield>
  </record>
</collection>
